Stati per produzione di Melanzane - Statistics

Statistiche generali
  • Questo quiz è stato fatto 5 volte
  • Il punteggio medio è 9 su 10
Statistiche sulle risposte
Produzione (tonnellate) Continente Nazione % Corretto
37 424 976 Asia Cina
100%
282 231 Asia Giappone
100%
12 874 000 Asia India
100%
676 339 Asia Indonesia
100%
306 440 Europa Italia
100%
235 290 Europa Spagna
100%
832 938 Asia / Europa Turchia
100%
1 286 470 Africa Egitto
67%
598 356 Asia Iran
67%
587 000 Asia Bangladesh
33%
Nessun quiz corrispondente trovato
Distribuzione punteggi
Percentuale di utenti per punteggio
Percentile per numero di risposta
I tuoi punteggi nel tempo
Non hai fatto questo quiz